000 00775nam a2200253Ia 4500
003 GCL
008 140319s9999 xx 000 0 ara d
040 _aGCL /
_cGCL
082 0 4 _a810.9
_bف م
100 1 _aفاروق عبدالقادر
245 1 0 _aمن اوراق الرفض والقبول : وجوة واعمال /
_cفاروق عبدالقادر
300 _a341 ص
490 _a
650 0 4 _aالعصر الحديث
650 0 4 _aالقصص العربية
650 0 4 _aمصر
650 0 4 _aالادباء المصريون
650 0 4 _aالادباء العرب
650 0 4 _aطه حسين
650 0 4 _aالمازنى
650 0 4 _aالمسرحيات العربية
650 0 4 _aالادب العربى - تاريخ ونقد
942 _2ddc
_cBK
999 _c39703
_d39703